[Event "Stay Safe Play From Home 129"]
[Site "T#645801Emanuel Laske"]
[Date "2020.05.07"]
[Round "3"]
[White "SoulofWolf"]
[Black "CastlingArrocco"]
[Result "1-0"]
[WhiteElo "2180"]
[BlackElo "2063"]
[PlyCount "104"]
[EventDate "2020.05.07"]
[EventType "swiss (blitz)"]

1. Nf3 {[%emt 0:00:00]} Nc6 {[%emt 0:00:02]} 2. c4 {[%emt 0:00:00]} d6 {[%emt 0:00:00]} 3. e3 {[%emt 0:00:00]} e5 {[%emt 0:00:00]} 4. Be2 {[%emt 0:00:00]} f5 {[%emt 0:00:00]} 5. d3 {[%emt 0:00:00]} e4 {[%emt 0:00:00]} 6. dxe4 {[%emt 0:00:01]} fxe4 {[%emt 0:00:00]} 7. Nfd2 {[%emt 0:00:00]} Nf6 {[%emt 0:00:00]} 8. Nc3 {[%emt 0:00:00]} g6 {[%emt 0:00:01]} 9. Ndxe4 {[%emt 0:00:01]} Bg7 {[%emt 0:00:01]} 10. O-O {[%emt 0:00:01]} O-O {[%emt 0:00:01]} 11. Bf3 {[%emt 0:00:00]} Bf5 {[%emt 0:00:01]} 12. Ng3 {[%emt 0:00:01]} Bd7 {[%emt 0:00:02]} 13. a3 {[%emt 0:00:04]} h5 {[%emt 0:00:01]} 14. Qb3 {[%emt 0:00:05]} Kh7 {[%emt 0:00:02]} 15. e4 {[%emt 0:00:04]} Nd4 {[%emt 0:00:02]} 16. Qd1 {[%emt 0:00:01]} c5 {[%emt 0:00:01]} 17. Be2 {[%emt 0:00:01]} Ng4 {[%emt 0:00:02]} 18. h3 {[%emt 0:00:02]} Ne5 {[%emt 0:00:01]} 19. Be3 {[%emt 0:00:02]} Qc8 {[%emt 0:00:02]} 20. Kh2 {[%emt 0:00:01]} h4 {[%emt 0:00:02]} 21. Nh1 {[%emt 0:00:01]} Bh6 {[%emt 0:00:01]} 22. f4 {[%emt 0:00:01]} Nf7 {[%emt 0:00:02]} 23. Nd5 {[%emt 0:00:00]} Bc6 {[%emt 0:00:01]} 24. Bf3 {[%emt 0:00:01]} Qe6 {[%emt 0:00:01]} 25. Nc3 {[%emt 0:00:02]} Nxf3+ {[%emt 0:00:02]} 26. Qxf3 {[%emt 0:00:01]} g5 {[%emt 0:00:01]} 27. f5 {[%emt 0:00:01]} Qf6 {[%emt 0:00:02]} 28. Nf2 {[%emt 0:00:01]} Ne5 {[%emt 0:00:01]} 29. Qe2 {[%emt 0:00:01]} Rg8 {[%emt 0:00:01]} 30. Rad1 {[%emt 0:00:01]} g4 {[%emt 0:00:01]} 31. hxg4 {[%emt 0:00:01]} Bxe3 {[%emt 0:00:02]} 32. Qxe3 {[%emt 0:00:00]} Nxg4+ {[%emt 0:00:01]} 33. Nxg4 {[%emt 0:00:00]} Rxg4 {[%emt 0:00:02]} 34. Nd5 {[%emt 0:00:02]} Bxd5 {[%emt 0:00:01]} 35. Rxd5 {[%emt 0:00:00]} Rag8 {[%emt 0:00:01]} 36. Rf2 {[%emt 0:00:01]} Rg3 {[%emt 0:00:01]} 37. Qf4 {[%emt 0:00:03]} R8g4 {[%emt 0:00:01]} 38. Qxd6 {[%emt 0:00:03]} Qxd6 {[%emt 0:00:01]} 39. Rxd6 {[%emt 0:00:00]} h3 {[%emt 0:00:01]} 40. gxh3 {[%emt 0:00:01]} Rg7 {[%emt 0:00:04]} 41. f6 {[%emt 0:00:02]} Rf7 {[%emt 0:00:01]} 42. Kxg3 {[%emt 0:00:01]} Kg6 {[%emt 0:00:01]} 43. Kf4 {[%emt 0:00:00]} Rf8 {[%emt 0:00:01]} 44. e5 {[%emt 0:00:00]} Kf7 {[%emt 0:00:00]} 45. Ke4 {[%emt 0:00:00]} Rh8 {[%emt 0:00:01]} 46. Kd5 {[%emt 0:00:00]} Rh4 {[%emt 0:00:00]} 47. Rd2 {[%emt 0:00:01]} Rd4+ {[%emt 0:00:00]} 48. Rxd4 {[%emt 0:00:00]} cxd4 {[%emt 0:00:00]} 49. Kxd4 {[%emt 0:00:00]} b5 {[%emt 0:00:01]} 50. Kd5 {[%emt 0:00:01]} b4 {[%emt 0:00:00]} 51. axb4 {[%emt 0:00:01]} a5 {[%emt 0:00:01]} 52. b5 {[%emt 0:00:00]} a4 {[%emt 0:00:00] CastlingArrocco abbandona (Lag: Av=0.21s, max=0.5s)} 1-0

[Event "Stay Safe Play From Home 129"]
[Site "T#645801Emanuel Laske"]
[Date "2020.05.07"]
[Round "3"]
[White "Little champs"]
[Black "Onlyforchess"]
[Result "1/2-1/2"]
[WhiteElo "2172"]
[BlackElo "2538"]
[Annotator "TA"]
[PlyCount "131"]
[EventDate "2020.05.07"]
[EventType "swiss (blitz)"]

{[%evp 11,131,6,6,6,6,0,3,-12,1,-20,0,-49,-3,-114,-5,-11,-10,-257,-59,-645,-643,-653,-660,-657,-660,-621,-616,-606,-571,-544,-506,-498,-491,-481,-225,-233,-229,-228,-228,-221,-183,-218,-227,-264,-253,-295,-282,-290,-239,-267,-253,-339,-356,-314,-228,-217,-229,-230,-236,-236,-243,-217,-242,-191,-161,-147,-89,-89,-89,-89,-49,-89,-89,-155,-155,-1126,-973,-789,-621,-1219,-1047,-1204,-1183,-1010,-651,-1100,-149,-1308,-1238,-1238,-1090,-4979,-5018,-5145,-5064,-5064,-5057,-4834,-4761,-4686,-4107,-4133,-2371,-2407,-1086,-2122,0,-158,-85,-85,-85,-85,0,-117,-117,-2108,-2079,-1468,-1132,-560,0,-117]} 1. d4 c5 2. e3 cxd4 3. exd4 d5 4. Nf3 Nc6 5. Be2 Nf6 6. O-O Bf5 7. Bf4 {B13: Caro-Kann: Exchange Variation and Panov-Botvinnik Attack.} e6 8. c3 Bd6 9. Bg3 {[#]} h6 $146 ({Predecessor:} 9... O-O 10. Nbd2 Bxg3 11. fxg3 Ng4 12. Qc1 Ne3 13. Rf2 Nc2 14. Rb1 Rc8 15. Nh4 N2xd4 16. cxd4 Nxd4 {0-1 (31) Kozlowski,M (1310)-Rafalski,K (1517) Poland 2016}) 10. Bd3 Ne4 11. Ne5 Nxe5 12. dxe5 (12. Bxe5 $11 {remains equal.} Bxe5 13. dxe5) 12... Bc5 ({Black should try} 12... Nxg3 $17 13. hxg3 Bxd3 14. Qxd3 Bxe5) 13. Qa4+ $11 Kf8 14. b4 $2 (14. Bxe4 $1 $11 {and White has nothing to worry.} Bxe4 15. Nd2) 14... Bb6 $2 (14... Nxg3 $19 15. Bxf5 Nxf1 16. bxc5 Qg5) 15. Qb3 $2 {[%mdl 8192]} (15. Bxe4 $15 Bxe4 16. Nd2) 15... Nxg3 $19 {[%mdl 64] Discovered Attack} 16. hxg3 {With the idea Bxf5.} Bxd3 17. Rd1 Bc4 18. Qc2 Qg5 19. Nd2 Be2 20. Re1 Bb5 21. Nf3 Qxg3 22. a4 {[#]} Bc4 (22... Bd3 $142 $1 23. Qxd3 Bxf2+ {[%mdl 64] Double Attack} 24. Kf1 Bxe1 25. Rxe1 Rc8) 23. a5 {[#]} Bxf2+ $1 24. Qxf2 Qxf2+ 25. Kxf2 Rc8 26. Rac1 Ke7 27. Nd2 g5 28. Ke3 Bb5 29. Rc2 Rhf8 30. Rec1 f6 31. exf6+ Rxf6 ({Don't take} 31... Kxf6 32. c4 $19) 32. c4 Bxc4 33. Nxc4 Rxc4 34. Rxc4 dxc4 35. Rxc4 {[%mdl 4096] Endgame KR-KR} Kd6 36. Rd4+ Kc6 37. Rc4+ Kb5 38. Rc7 Kxb4 (38... Ka6 $142 $1 39. Rd7 b6) 39. Rxb7+ $17 Kxa5 {Threatens to win with ...a6.} 40. Rxa7+ Kb5 41. Rh7 Kc5 42. Rd7 (42. Ke4 $142) 42... h5 43. Rd1 $2 (43. g3 $17) 43... h4 $19 44. Rd8 Rf5 45. Re8 Kd5 46. Ra8 Ke5 47. Ra5+ Kf6 48. Ra8 g4 $2 (48... Rb5 $19 {Hoping for ...Rb2.} 49. Ra2 e5 50. Rf2+ Ke6) 49. Rh8 $2 {[%mdl 8192] [#]} (49. Rg8 $17) 49... h3 $1 {[%cal Rh3g2]} 50. gxh3 Rf3+ $1 ({Weaker is} 50... g3 51. Rh6+ Kf7 52. Rh4 $11) 51. Ke2 Rxh3 52. Rf8+ Kg5 53. Rg8+ Kf5 54. Kf2 Rf3+ $1 55. Kg2 e5 56. Rf8+ Ke4 57. Rg8 Kf4 58. Rf8+ Ke4 $2 (58... Ke3 $1 $19 59. Rg8 e4) 59. Rg8 $17 {[#]} Rf4 (59... g3 $142 $1 60. Rb8 (60. Rxg3 Rxg3+) 60... Rd3) 60. Kg3 Ke3 61. Ra8 Rf1 (61... Kd3 $17 62. Re8 Kd4 63. Rd8+ Ke4) 62. Ra3+ (62. Kxg4 $11 Rf4+ 63. Kg5) 62... Ke4 {( -> ...Rf3+)} 63. Ra4+ $2 {[%mdl 8192]} (63. Ra7 $17) 63... Kf5 $19 64. Ra8 Rf3+ 65. Kg2 Ke4 $2 (65... Rd3 $19 {has better winning chances. Strongly threatening ...e4.} 66. Rf8+ Kg5 67. Rg8+ Kf4 68. Rf8+ Ke3) 66. Rg8 {Accuracy: White = 43%, Black = 67%.} 1/2-1/2

[Event "Stay Safe Play From Home 129"]
[Site "T#645801Emanuel Laske"]
[Date "2020.05.07"]
[Round "3"]
[White "Chessencounter"]
[Black "Lazieri3"]
[Result "1-0"]
[WhiteElo "2085"]
[BlackElo "2025"]
[Annotator "NA"]
[PlyCount "67"]
[EventDate "2020.05.07"]
[EventType "swiss (blitz)"]

1. g3 {[%emt 0:00:01]} c6 {[%emt 0:00:00]} 2. Bg2 {[%emt 0:00:00]} d5 {[%emt 0:00:00]} 3. Nf3 {[%emt 0:00:00]} Nf6 {[%emt 0:00:00]} 4. d4 {[%emt 0:00:00]} Bf5 {[%emt 0:00:00]} 5. O-O {[%emt 0:00:00]} Qc8 {[%emt 0:00:00]} 6. Bf4 {[%emt 0:00:00]} Bh3 {[%emt 0:00:01]} 7. Ne5 {[%emt 0:00:00]} h5 {[%emt 0:00:01]} 8. e4 {[%emt 0:00:03]} dxe4 {[%emt 0:00:04]} 9. f3 {[%emt 0:00:04]} h4 {[%emt 0:00:03]} 10. Qe1 {[%emt 0:00:04]} hxg3 {[%emt 0:00:02]} 11. Qxg3 {[%emt 0:00:01]} Bxg2 {[%emt 0:00:01]} 12. Kxg2 {[%emt 0:00:02]} exf3+ {[%emt 0:00:01]} 13. Rxf3 {[%emt 0:00:01]} Nbd7 {[%emt 0:00:01]} 14. Nc3 {[%emt 0:00:01]} Nh5 {[%emt 0:00:05]} 15. Qg4 {[%emt 0:00:02]} Ndf6 {[%emt 0:00:05]} 16. Qxc8+ {[%emt 0:00:01]} Rxc8 {[%emt 0:00:00]} 17. Bg3 {[%emt 0:00:00]} Nxg3 {[%emt 0:00:01]} 18. hxg3 {[%emt 0:00:01]} e6 {[%emt 0:00:01]} 19. g4 {[%emt 0:00:01]} Bd6 {[%emt 0:00:01]} 20. g5 {[%emt 0:00:01]} Bxe5 {[%emt 0:00:01]} 21. dxe5 {[%emt 0:00:01]} Nd5 {[%emt 0:00:01]} 22. Ne4 {[%emt 0:00:01]} Ke7 {[%emt 0:00:01]} 23. Nd6 {[%emt 0:00:01]} Rc7 {[%emt 0:00:02]} 24. Rxf7+ {[%emt 0:00:02]} Kd8 {[%emt 0:00:02]} 25. Raf1 {[%emt 0:00:01]} Ne3+ {[%emt 0:00:04]} 26. Kg3 {[%emt 0:00:03]} Nxf1+ {[%emt 0:00:00]} 27. Rxf1 {[%emt 0:00:00]} Re7 {[%emt 0:00:02]} 28. Nf7+ {[%emt 0:00:01]} Rxf7 {[%emt 0:00:04]} 29. Rxf7 {[%emt 0:00:00]} Kc8 {[%emt 0:00:03]} 30. Rxg7 {[%emt 0:00:01]} Rd8 {[%emt 0:00:00]} 31. Rf7 {[%emt 0:00:01]} Rd2 {[%emt 0:00:01]} 32. Rf2 {[%emt 0:00:01]} Kd7 {[%emt 0:00:02]} 33. Rxd2+ {[%emt 0:00:01]} Ke7 {[%emt 0:00:01]} 34. Rf2 {[%emt 0:00:01] Lazieri3 resigns (Lag: Av=1.10s, max=1.5s)} 1-0

[Event "Stay Safe Play From Home 129"]
[Site "T#645801Emanuel Laske"]
[Date "2020.05.07"]
[Round "3"]
[White "Haxhi Baha"]
[Black "Mamutones"]
[Result "1-0"]
[WhiteElo "2027"]
[BlackElo "1875"]
[Annotator "NA"]
[PlyCount "63"]
[EventDate "2020.05.07"]
[EventType "swiss (blitz)"]

1. e4 {[%emt 0:00:01]} e5 {[%emt 0:00:01]} 2. f4 {[%emt 0:00:01]} exf4 {[%emt 0:00:02]} 3. Bc4 {[%emt 0:00:01]} d5 {[%emt 0:00:02]} 4. exd5 {[%emt 0:00:01]} Bd6 {[%emt 0:00:02]} 5. Nf3 {[%emt 0:00:01]} Nf6 {[%emt 0:00:07]} 6. d4 {[%emt 0:00:01]} O-O {[%emt 0:00:01]} 7. O-O {[%emt 0:00:00]} Bg4 {[%emt 0:00:01]} 8. Nc3 {[%emt 0:00:01]} Nbd7 {[%emt 0:00:01]} 9. Ne2 {[%emt 0:00:01]} Nb6 {[%emt 0:00:02]} 10. Bb3 {[%emt 0:00:01]} Nbxd5 {[%emt 0:00:02]} 11. c4 {[%emt 0:00:01]} Ne3 {[%emt 0:00:01]} 12. Bxe3 {[%emt 0:00:02]} fxe3 {[%emt 0:00:00]} 13. c5 {[%emt 0:00:02]} Be7 {[%emt 0:00:01]} 14. Qd3 {[%emt 0:00:02]} Bh5 {[%emt 0:00:03]} 15. Qxe3 {[%emt 0:00:01]} Ng4 {[%emt 0:00:02]} 16. Qf4 {[%emt 0:00:03]} c6 {[%emt 0:00:02]} 17. h3 {[%emt 0:00:01]} Nf6 {[%emt 0:00:02]} 18. Ng3 {[%emt 0:00:02]} Bg6 {[%emt 0:00:01]} 19. Nf5 {[%emt 0:00:01]} Bxf5 {[%emt 0:00:01]} 20. Qxf5 {[%emt 0:00:00]} Nd5 {[%emt 0:00:02]} 21. Rae1 {[%emt 0:00:03]} Bf6 {[%emt 0:00:01]} 22. Ne5 {[%emt 0:00:01]} Bxe5 {[%emt 0:00:01]} 23. dxe5 {[%emt 0:00:02]} Qe7 {[%emt 0:00:02]} 24. e6 {[%emt 0:00:03]} Qxc5+ {[%emt 0:00:03]} 25. Kh1 {[%emt 0:00:03]} fxe6 {[%emt 0:00:02]} 26. Qxe6+ {[%emt 0:00:00]} Kh8 {[%emt 0:00:01]} 27. Rxf8+ {[%emt 0:00:01]} Rxf8 {[%emt 0:00:01]} 28. Re4 {[%emt 0:00:06]} Nf4 {[%emt 0:00:03]} 29. Kh2 {[%emt 0:00:05]} Qg5 {[%emt 0:00:03]} 30. g3 {[%emt 0:00:03]} Ng6 {[%emt 0:00:02]} 31. h4 {[%emt 0:00:01]} Qd2+ {[%emt 0:00:01]} 32. Kh3 {[%emt 0:00:00] Tempo (Lag: Av=1.07s, max=2.5s)} 1-0

[Event "Stay Safe Play From Home 129"]
[Site "T#645801Emanuel Laske"]
[Date "2020.05.07"]
[Round "3"]
[White "Greblha"]
[Black "EL sanbary"]
[Result "0-1"]
[WhiteElo "1912"]
[BlackElo "1944"]
[Annotator "NA"]
[PlyCount "80"]
[EventDate "2020.05.07"]
[EventType "swiss (blitz)"]

1. e4 {[%emt 0:00:01]} c5 {[%emt 0:00:01]} 2. Nc3 {[%emt 0:00:01]} g6 {[%emt 0:00:00]} 3. g3 {[%emt 0:00:00]} Bg7 {[%emt 0:00:01]} 4. Bg2 {[%emt 0:00:00]} Nc6 {[%emt 0:00:01]} 5. d3 {[%emt 0:00:00]} e5 {[%emt 0:00:00]} 6. Be3 {[%emt 0:00:00]} d6 {[%emt 0:00:00]} 7. Qd2 {[%emt 0:00:01]} Nge7 {[%emt 0:00:00]} 8. Bh6 {[%emt 0:00:01]} O-O {[%emt 0:00:00]} 9. h4 {[%emt 0:00:01]} f5 {[%emt 0:00:01]} 10. h5 {[%emt 0:00:03]} Rf7 {[%emt 0:00:01]} 11. hxg6 {[%emt 0:00:04]} Nxg6 {[%emt 0:00:00]} 12. Bxg7 {[%emt 0:00:01]} Rxg7 {[%emt 0:00:02]} 13. f4 {[%emt 0:00:01]} exf4 {[%emt 0:00:02]} 14. gxf4 {[%emt 0:00:01]} fxe4 {[%emt 0:00:01]} 15. Bxe4 {[%emt 0:00:02]} Nd4 {[%emt 0:00:01]} 16. O-O-O {[%emt 0:00:01]} Bg4 {[%emt 0:00:02]} 17. Nce2 {[%emt 0:00:01]} h5 {[%emt 0:00:03]} 18. c3 {[%emt 0:00:01]} Nxe2+ {[%emt 0:00:01]} 19. Nxe2 {[%emt 0:00:01]} Qf6 {[%emt 0:00:01]} 20. Rdf1 {[%emt 0:00:03]} Rf8 {[%emt 0:00:02]} 21. Bxg6 {[%emt 0:00:01]} Qxg6 {[%emt 0:00:02]} 22. Ng3 {[%emt 0:00:04]} Rh7 {[%emt 0:00:05]} 23. Ne4 {[%emt 0:00:01]} b6 {[%emt 0:00:03]} 24. Ng5 {[%emt 0:00:01]} Re7 {[%emt 0:00:02]} 25. Re1 {[%emt 0:00:03]} Rxe1+ {[%emt 0:00:01]} 26. Rxe1 {[%emt 0:00:02]} Qf6 {[%emt 0:00:03]} 27. Rf1 {[%emt 0:00:07]} Qxg5 {[%emt 0:00:03]} 28. fxg5 {[%emt 0:00:03]} Rxf1+ {[%emt 0:00:01]} 29. Kc2 {[%emt 0:00:01]} Rf5 {[%emt 0:00:02]} 30. b4 {[%emt 0:00:03]} cxb4 {[%emt 0:00:01]} 31. cxb4 {[%emt 0:00:01]} Kg7 {[%emt 0:00:01]} 32. Qc3+ {[%emt 0:00:01]} Kg6 {[%emt 0:00:02]} 33. Qc6 {[%emt 0:00:01]} Kxg5 {[%emt 0:00:00]} 34. Qxd6 {[%emt 0:00:01]} h4 {[%emt 0:00:00]} 35. Qe7+ {[%emt 0:00:01]} Kh5 {[%emt 0:00:01]} 36. Qh7+ {[%emt 0:00:01]} Kg5 {[%emt 0:00:01]} 37. Qe7+ {[%emt 0:00:00]} Kf4 {[%emt 0:00:01]} 38. Qd6+ {[%emt 0:00:01]} Re5 {[%emt 0:00:01]} 39. Qf6+ {[%emt 0:00:01]} Rf5 {[%emt 0:00:01]} 40. Qd6+ {[%emt 0:00:01]} Kf3 {[%emt 0:00:01] Zeit (Lag: Av=0.35s, max=0.5s)} 0-1

[Event "Stay Safe Play From Home 129"]
[Site "T#645801Emanuel Laske"]
[Date "2020.05.07"]
[Round "3"]
[White "Umitkarabulut03"]
[Black "Klausen"]
[Result "1-0"]
[WhiteElo "1636"]
[BlackElo "1781"]
[Annotator "NA"]
[PlyCount "79"]
[EventDate "2020.05.07"]
[EventType "swiss (blitz)"]

1. d4 {[%emt 0:00:02]} e6 {[%emt 0:00:01]} 2. c4 {[%emt 0:00:01]} Bb4+ {[%emt 0:00:02]} 3. Bd2 {[%emt 0:00:02]} Qe7 {[%emt 0:00:01]} 4. Bxb4 {[%emt 0:00:02]} Qxb4+ {[%emt 0:00:02]} 5. Qd2 {[%emt 0:00:00]} Qxc4 {[%emt 0:00:02]} 6. e3 {[%emt 0:00:01]} Qd5 {[%emt 0:00:05]} 7. Nf3 {[%emt 0:00:00]} Nf6 {[%emt 0:00:02]} 8. Nc3 {[%emt 0:00:01]} Qh5 {[%emt 0:00:03]} 9. Be2 {[%emt 0:00:02]} O-O {[%emt 0:00:02]} 10. O-O {[%emt 0:00:01]} d6 {[%emt 0:00:02]} 11. Rac1 {[%emt 0:00:02]} Nc6 {[%emt 0:00:03]} 12. Nb5 {[%emt 0:00:02]} Ne8 {[%emt 0:00:03]} 13. Ne5 {[%emt 0:00:02]} Qh6 {[%emt 0:00:02]} 14. Nxc6 {[%emt 0:00:02]} bxc6 {[%emt 0:00:01]} 15. Rxc6 {[%emt 0:00:01]} Bd7 {[%emt 0:00:01]} 16. Rcc1 {[%emt 0:00:01]} Bxb5 {[%emt 0:00:02]} 17. Bxb5 {[%emt 0:00:01]} c5 {[%emt 0:00:01]} 18. Bxe8 {[%emt 0:00:02]} Rfxe8 {[%emt 0:00:02]} 19. dxc5 {[%emt 0:00:00]} dxc5 {[%emt 0:00:01]} 20. Rxc5 {[%emt 0:00:00]} Qf6 {[%emt 0:00:01]} 21. Qc2 {[%emt 0:00:02]} g6 {[%emt 0:00:01]} 22. Rc1 {[%emt 0:00:02]} Rab8 {[%emt 0:00:01]} 23. b3 {[%emt 0:00:03]} Kg7 {[%emt 0:00:01]} 24. Qc3 {[%emt 0:00:01]} Qxc3 {[%emt 0:00:02]} 25. R5xc3 {[%emt 0:00:01]} Rb6 {[%emt 0:00:00]} 26. Rc7 {[%emt 0:00:01]} Ra6 {[%emt 0:00:01]} 27. Rd7 {[%emt 0:00:02]} Rxa2 {[%emt 0:00:03]} 28. g3 {[%emt 0:00:01]} Rb8 {[%emt 0:00:03]} 29. Rcc7 {[%emt 0:00:03]} Rf8 {[%emt 0:00:01]} 30. Rxa7 {[%emt 0:00:02]} Rxa7 {[%emt 0:00:01]} 31. Rxa7 {[%emt 0:00:03]} Rb8 {[%emt 0:00:00]} 32. Ra3 {[%emt 0:00:01]} Rb4 {[%emt 0:00:01]} 33. Kf1 {[%emt 0:00:01]} f5 {[%emt 0:00:01]} 34. Kg2 {[%emt 0:00:00]} Kf6 {[%emt 0:00:00]} 35. Kf3 {[%emt 0:00:00]} g5 {[%emt 0:00:00]} 36. Ke2 {[%emt 0:00:01]} e5 {[%emt 0:00:01]} 37. Kd3 {[%emt 0:00:00]} e4+ {[%emt 0:00:01]} 38. Kc3 {[%emt 0:00:01]} Rb6 {[%emt 0:00:01]} 39. b4 {[%emt 0:00:00]} Ke5 {[%emt 0:00:01]} 40. Kb3 {[%emt 0:00:00] Zeit (Lag: Av=0.73s, max=2.1s)} 1-0

[Event "Stay Safe Play From Home 129"]
[Site "T#645801Emanuel Laske"]
[Date "2020.05.07"]
[Round "3"]
[White "Edmatuag"]
[Black "PRW64MS"]
[Result "1-0"]
[WhiteElo "1594"]
[BlackElo "1482"]
[Annotator "NA"]
[PlyCount "53"]
[EventDate "2020.05.07"]
[EventType "swiss (blitz)"]
[TimeControl "60"]

1. e4 {[%emt 0:00:02]} c5 {[%emt 0:00:01]} 2. Nf3 {[%emt 0:00:00]} Nc6 {[%emt 0:00:02]} 3. Bc4 {[%emt 0:00:01]} e6 {[%emt 0:00:02]} 4. O-O {[%emt 0:00:01]} d5 {[%emt 0:00:01]} 5. exd5 {[%emt 0:00:03]} exd5 {[%emt 0:00:00]} 6. Bb5 {[%emt 0:00:01]} Nf6 {[%emt 0:00:01]} 7. Re1+ {[%emt 0:00:01]} Be7 {[%emt 0:00:01]} 8. Qe2 {[%emt 0:00:01]} Be6 {[%emt 0:00:03]} 9. Ng5 {[%emt 0:00:02]} Qd7 {[%emt 0:00:04]} 10. Nxe6 {[%emt 0:00:02]} Qxe6 {[%emt 0:00:01]} 11. Qxe6 {[%emt 0:00:00]} fxe6 {[%emt 0:00:01]} 12. Rxe6 {[%emt 0:00:01]} Kd7 {[%emt 0:00:00]} 13. Re1 {[%emt 0:00:04]} Bd6 {[%emt 0:00:01]} 14. Nc3 {[%emt 0:00:01]} a6 {[%emt 0:00:04]} 15. Bxc6+ {[%emt 0:00:01]} bxc6 {[%emt 0:00:01]} 16. d3 {[%emt 0:00:00]} Ng4 {[%emt 0:00:01]} 17. g3 {[%emt 0:00:04]} Rhf8 {[%emt 0:00:03]} 18. Bg5 {[%emt 0:00:03]} Nxf2 {[%emt 0:00:04]} 19. Be3 {[%emt 0:00:04]} Nh3+ {[%emt 0:00:02]} 20. Kg2 {[%emt 0:00:01]} Rf6 {[%emt 0:00:17]} 21. Kxh3 {[%emt 0:00:03]} Raf8 {[%emt 0:00:03]} 22. Rg1 {[%emt 0:00:05]} h5 {[%emt 0:00:03]} 23. Ne2 {[%emt 0:00:03]} d4 {[%emt 0:00:01]} 24. Bf4 {[%emt 0:00:01]} Bxf4 {[%emt 0:00:02]} 25. Nxf4 {[%emt 0:00:01]} g5 {[%emt 0:00:01]} 26. Nxh5 {[%emt 0:00:01]} Rh6 {[%emt 0:00:01]} 27. g4 {[%emt 0:00:01] Zeit (Lag: Av=1.00s, max=8.7s)} 1-0

[Event "Stay Safe Play From Home 129"]
[Site "T#645801Emanuel Laske"]
[Date "2020.05.07"]
[Round "3"]
[White "NagaRam"]
[Black "Haris kollari 13"]
[Result "0-1"]
[WhiteElo "1493"]
[BlackElo "1665"]
[Annotator "NA"]
[PlyCount "74"]
[EventDate "2020.05.07"]
[EventType "swiss (blitz)"]

1. e4 {[%emt 0:00:02]} e5 {[%emt 0:00:00]} 2. Nf3 {[%emt 0:00:00]} b6 {[%emt 0:00:00]} 3. Bc4 {[%emt 0:00:00]} d6 {[%emt 0:00:01]} 4. Nc3 {[%emt 0:00:01]} Bb7 {[%emt 0:00:01]} 5. Nd5 {[%emt 0:00:01]} Be7 {[%emt 0:00:03]} 6. Nxe7 {[%emt 0:00:02]} Nxe7 {[%emt 0:00:01]} 7. d3 {[%emt 0:00:00]} O-O {[%emt 0:00:01]} 8. Be3 {[%emt 0:00:00]} h6 {[%emt 0:00:01]} 9. O-O {[%emt 0:00:00]} Nd7 {[%emt 0:00:03]} 10. d4 {[%emt 0:00:01]} exd4 {[%emt 0:00:02]} 11. Nxd4 {[%emt 0:00:00]} Ne5 {[%emt 0:00:02]} 12. Bb3 {[%emt 0:00:02]} c5 {[%emt 0:00:02]} 13. Nf3 {[%emt 0:00:01]} a6 {[%emt 0:00:04]} 14. Nxe5 {[%emt 0:00:02]} dxe5 {[%emt 0:00:01]} 15. Qxd8 {[%emt 0:00:01]} Raxd8 {[%emt 0:00:01]} 16. c4 {[%emt 0:00:01]} Bxe4 {[%emt 0:00:01]} 17. f3 {[%emt 0:00:01]} Bd3 {[%emt 0:00:01]} 18. Rfd1 {[%emt 0:00:02]} Nf5 {[%emt 0:00:01]} 19. Bf2 {[%emt 0:00:04]} Be2 {[%emt 0:00:01]} 20. Re1 {[%emt 0:00:03]} Rd2 {[%emt 0:00:05]} 21. Rab1 {[%emt 0:00:07]} f6 {[%emt 0:00:01]} 22. Bg3 {[%emt 0:00:01]} Nd4 {[%emt 0:00:02]} 23. Rbc1 {[%emt 0:00:04]} Rxb2 {[%emt 0:00:02]} 24. Kf2 {[%emt 0:00:03]} Bd3+ {[%emt 0:00:01]} 25. Kg1 {[%emt 0:00:05]} Ne2+ {[%emt 0:00:01]} 26. Rxe2 {[%emt 0:00:03]} Bxe2 {[%emt 0:00:01]} 27. Re1 {[%emt 0:00:01]} Rd8 {[%emt 0:00:01]} 28. Rxe2 {[%emt 0:00:02]} Rxe2 {[%emt 0:00:02]} 29. Kf1 {[%emt 0:00:00]} Rdd2 {[%emt 0:00:01]} 30. Be1 {[%emt 0:00:02]} Rb2 {[%emt 0:00:02]} 31. Bc3 {[%emt 0:00:02]} Rf2+ {[%emt 0:00:03]} 32. Ke1 {[%emt 0:00:01]} Rbe2+ {[%emt 0:00:01]} 33. Kd1 {[%emt 0:00:01]} Rxg2 {[%emt 0:00:01]} 34. Bd2 {[%emt 0:00:02]} Rxd2+ {[%emt 0:00:01]} 35. Kc1 {[%emt 0:00:00]} Rdf2 {[%emt 0:00:01]} 36. Bd1 {[%emt 0:00:03]} Rxa2 {[%emt 0:00:01]} 37. f4 {[%emt 0:00:00]} Ra1# {[%emt 0:00:01] (Lag: Av=0.83s, max=4.2s)} 0-1

[Event "Stay Safe Play From Home 129"]
[Site "T#645801Emanuel Laske"]
[Date "2020.05.07"]
[Round "4"]
[White "Lamborghini"]
[Black "Haris kollari 13"]
[Result "1-0"]
[WhiteElo "2304"]
[BlackElo "1674"]
[Annotator "TA"]
[PlyCount "99"]
[EventDate "2020.05.07"]
[EventType "swiss (blitz)"]

{[%evp 9,99,-25,30,10,28,8,0,-17,0,0,16,21,40,4,36,14,20,6,9,-20,0,-29,-21,-45,-25,-91,12,-39,-8,-112,-76,-68,-45,-58,-32,-70,-33,-58,0,-122,0,-92,93,88,128,128,131,134,134,124,125,79,79,87,87,87,164,172,179,149,215,215,376,377,579,576,762,716,972,792,1241,1209,1468,1373,2352,2236,29988,29989,29989,29989,29990,29990,29990,29983,29991,29986,29981,1920,29982,29983,29982,29979]} 1. e4 e6 2. d3 d5 3. Nd2 Nf6 4. Ngf3 c5 5. g3 d4 (5... Nc6 $142) 6. Bg2 {C00: French: Unusual White 2nd moves.} Nc6 7. O-O (7. e5 $5 {[%cal Re5f6]} Nd5 8. O-O $11) 7... e5 8. Ne1 {[#] The position is equal.} Nd7 $146 ({Predecessor:} 8... Bg4 9. f3 Bh5 10. a4 g5 11. Nc4 h6 12. Bd2 Bg7 13. Qe2 Qe7 14. Qf2 O-O {½-½ (32) Zuriel,M (2197)-Colautti Grosso,M (1916) Buenos Aires 2007}) 9. f4 f6 10. f5 Bd6 11. g4 h6 12. Ndf3 Nb6 13. Rf2 Bd7 14. Bf1 Qc7 15. h4 O-O-O 16. Rg2 Rdg8 17. c4 (17. h5 $11) 17... Be8 (17... h5 $17 18. g5 Kb8) 18. a3 ({White should play} 18. h5 $1 $11) 18... g6 19. Bd2 (19. fxg6 $1 $11 Bxg6 20. h5) 19... gxf5 20. gxf5 Rxg2+ 21. Bxg2 Rg8 22. Qe2 Bh5 23. Qf2 Ne7 (23... Nd7 $15) 24. Kh2 {[#]} (24. Bxh6 $11 Nc6 25. Rb1) 24... Nc6 (24... Nxf5 $1 $17 {[%mdl 512]} 25. Nc2 (25. Bh3 Bg4 $11) (25. exf5 e4+) 25... Kb8) 25. Nc2 (25. Kg1 $11 {remains equal.}) 25... Bxf3 $2 (25... Na4 $17 {stays on course.} 26. b4 a6) 26. Bxf3 $16 Qg7 27. Rg1 Qxg1+ 28. Qxg1 Rxg1 29. Kxg1 Bf8 30. Bh5 Na4 31. Bc1 Na5 {...Nb3 is the strong threat.} 32. Na1 Kc7 {[#]} (32... a6 $16) 33. Bd1 $1 $18 {[%cal Rd1a4]} Nb6 34. Kg2 Nc6 (34... Naxc4 $16 35. dxc4 Nxc4) 35. Kf3 a5 $2 (35... Kd8 {was called for.} 36. Kg4 Ke8) 36. Kg4 a4 (36... Kd7 $142 37. Kh5 Ke8 38. Bxh6 Kf7 39. Bxf8 Kxf8) 37. Kh5 Na5 38. Bxh6 Be7 39. Bg7 Nd7 40. Kg6 Kd8 41. h5 Ke8 42. h6 Nf8+ 43. Bxf8 Bxf8 {[%mdl 4096] Endgame KBN-KBN} 44. h7 Nc6 45. h8=Q Ne7+ 46. Kh5 b5 {[#]} 47. Bxa4 $1 bxa4 48. Nc2 (48. Qxf6 $142 Nc8 49. Qxe5+ Kd7 50. Qd5+ Kc7 51. Qf7+ Kc6 52. Qxf8 Nb6 53. e5) 48... Nc6 49. Nxd4 Nxd4 50. Qxf6 {Accuracy: White = 64%, Black = 37%.} 1-0